000 00284nam a2200121Ia 4500
008 191206s9999 xx 000 0 und d
090 _aPR6013.R35
245 0 _aGood-bye to all that
250 _aAbridged ed.
260 _aCassell
260 _cc1966
300 _a"[5], 186 p. 19 cm."
999 _c16064
_d16064